000 00396pab a2200145 454500
008 180718b1990 xxu||||| |||| 00| 0 eng d
100 _aAgarwala, P.N.
245 _aEmerging trends in multinational corporations foreign investments
260 _c1990
300 _a30-60
362 _aJan.
650 _aInternational Business Enterprises
773 _aMDI Management Journal
909 _a11690
999 _c11690
_d11690